Music Quiz

Random Music or Song Quiz

Ultimate Pop Rock Quiz Stats

 Plays Quiz not verified by Sporcle

Score 0/223 Timer 20:00
0 Plays Today
Famous Song Artist % Correct
'Wonderwall'Oasis
90.2%
'Californication'Red Hot Chili Peppers
90.2%
'Smooth Criminal'Alien Ant Farm
87.8%
'Boulevard Of Broken Dreams'Green Day
87.8%
'Mr. Brightside'The Killers
85.4%
'Yellow'Coldplay
85.4%
'Bittersweet Symphony'The Verve
85.4%
'All The Small Things'Blink-182
85.4%
'Creep'Radiohead
85.4%
'Loser'Beck
85.4%
'Jeremy'Pearl Jam
82.9%
'Seven Nation Army'The White Stripes
82.9%
'Smells Like Teen Spirit'Nirvana
82.9%
'Drops Of Jupiter (Tell Me)'Train
80.5%
'Mr. Jones'Counting Crows
80.5%
'Don't Speak'No Doubt
80.5%
'Beautiful Day'U2
78%
'All Star'Smash Mouth
78%
'Rehab'Amy Winehouse
78%
'Everlong'Foo Fighters
78%
'Are You Gonna Be My Girl'Jet
78%
'How You Remind Me'Nickelback
78%
'Undone-The Sweater Song'Weezer
75.6%
'The Middle'Jimmy Eat World
75.6%
'Fat Lip'Sum 41
75.6%
'Sugar, We're Going Down'Fall Out Boy
75.6%
'Man On The Moon'R.E.M.
75.6%
'How To Save A Life'The Fray
75.6%
'Ironic'Alanis Morissette
75.6%
'Complicated'Avril Lavigne
75.6%
'Smooth'Santana
75.6%
'Song 2'Blur
75.6%
'Black Hole Sun'Soundgarden
75.6%
'Bring Me To Life'Evanescence
75.6%
'Pumped Up Kicks'Foster The People
73.2%
'Take Me Out'Franz Ferdinand
73.2%
'Chasing Cars'Snow Patrol
73.2%
'I'm Gonna Be (500 Miles)'The Proclaimers
73.2%
'In The End'Linkin Park
70.7%
'Cherub Rock'The Smashing Pumpkins
70.7%
'Fly Away'Lenny Kravitz
70.7%
'Feel Good Inc.'Gorillaz
70.7%
'No Sleep Till' Brooklyn'Beastie Boys
70.7%
'Freak On A Leash'Korn
70.7%
'One Week'Barenaked Ladies
68.3%
'Chop Suey!'System Of A Down
68.3%
'Semi-Charmed Life'Third Eye Blind
68.3%
'Kryptonite'3 Doors Down
68.3%
'Torn'Natalie Imbruglia
68.3%
'Stacy's Mom'Fountains Of Wayne
68.3%
'Come Out And Play'The Offspring
65.9%
'Gives You Hell'The All-American Rejects
65.9%
'The Reason'Hoobastank
65.9%
'Two Princes'Spin Doctors
65.9%
'Breakfast At Tiffany's'Deep Blue Something
65.9%
'What's Up?'4 Non Blondes
65.9%
'Linger'The Cranberries
65.9%
'Santeria'Sublime
65.9%
'Interstate Love Song'Stone Temple Pilots
65.9%
'Use Somebody'Kings Of Leon
65.9%
'Personal Jesus'Depeche Mode
65.9%
'Welcome To The Black Parade'My Chemical Romance
65.9%
'Ocean Avenue'Yellowcard
63.4%
'3 AM'Matchbox Twenty
63.4%
''Slide'The Goo Goo Dolls
63.4%
'Closing Time'Semisonic
63.4%
'Machinehead'Bush
63.4%
'This Love'Maroon 5
63.4%
'My Own Worst Enemy'Lit
61%
'Teenage Dirtbag'Wheatus
61%
'Tubthumping'Chumbawumba
61%
'Bulls On Parade'Rage Against The Machine
61%
'Fly'Sugar Ray
58.5%
'Knights Of Cydonia'Muse
58.5%
'Nookie'Limp Bizkit
58.5%
Famous Song Artist % Correct
'Celebrity Skin'Hole
58.5%
'Last Resort'Papa Roach
58.5%
'No Rain'Blind Melon
56.1%
'Save Tonight'Eagle-Eye Cherry
56.1%
'Lump'The Presidents Of The United States Of America
56.1%
'Mmmm Mmmm Mmmm Mmmm'Crash Test Dummies
56.1%
'Lovefool'The Cardigans
56.1%
'Ho Hey'The Lumineers
56.1%
'It's Been Awhile'Staind
56.1%
'Praise You'Fatboy Slim
56.1%
'Closer'Nine Inch Nails
56.1%
'Down With The Sickness'Disturbed
56.1%
'Lifestyles Of The Rich And Famous'Good Charlotte
56.1%
'Pompeii'Bastille
53.7%
'Epic'Faith No More
53.7%
'Sex And Candy'Marcy Playground
53.7%
'Drive'Incubus
53.7%
'No One Knows'Queens Of The Stone Age
53.7%
'Misery Business'Paramore
53.7%
'The Impression That I Get'The Mighty Mighty Bosstones
51.2%
'Hey Jealousy'Gin Blossoms
51.2%
'Laid'James
51.2%
'Lightning Crashes'Live
51.2%
'Runaway Train'Soul Asylum
51.2%
'Unbelievable'EMF
51.2%
'Blister In The Sun'Violent Femmes
51.2%
'Only Happy When It Rains'Garbage
51.2%
'Jaded'Aerosmith
51.2%
'Last Nite'The Strokes
51.2%
'Higher'Creed
51.2%
'Jane Says'Jane's Addiction
51.2%
'Somewhere Only We Know'Keane
48.8%
'You Get What You Give'New Radicals
48.8%
'Virtual Insanity'Jamiroquai
48.8%
'Santa Moncia'Everclear
48.8%
'Ants Marching'Dave Matthews Band
48.8%
'Where Is My Mind?'Pixies
48.8%
'The Kill'Thirty Seconds To Mars
46.3%
'One Headlight'The Wallflowers
46.3%
'The Freshmen'The Verve Pipe
46.3%
'Float On'Modest Mouse
46.3%
'Flagpole Sitta'Harvey Danger
43.9%
'Shimmer'Fuel
43.9%
'The Distance'Cake
43.9%
'Black Velvet'Allanah Myles
43.9%
'Like A Stone'Audioslave
43.9%
'Hallelujah'Jeff Buckley
43.9%
'Jerry Was A Race Car Driver'Primus
43.9%
'Headstrong'Trapt
43.9%
'Youth Of The Nation'P.O.D.
43.9%
'Duality'Slipknot
43.9%
'Hanging By A Moment'Lifehouse
43.9%
'1985'Bowling For Soup
43.9%
'Stressed Out'Twenty One Pilots
41.5%
'She's So High'Tal Bachman
41.5%
'The Boys Of Summer'The Ataris
41.5%
'The Way'Fastball
41.5%
'How Bizzare'OMC
41.5%
'Mrs. Robinson'The Lemonheads
41.5%
'Run-Around'Blues Traveler
41.5%
'Kiss Me'Sixpence None The Richer
41.5%
'Pepper'Butthole Surfers
41.5%
'Take A Picture'Filter
41.5%
'Dragula'Rob Zombie
41.5%
'Right Here, Right Now'Jesus Jones
39%
'Life Is A Highway'Tom Cochrane
39%
'Hunger Strike'Temple Of The Dog
39%
'Inside Out'Eve 6
36.6%
'Shine'Collective Soul
36.6%
'Do I Wanna Know?'Arctic Monkeys
36.6%
'Absolutely (Story Of A Girl)'Nine Days
34.1%
'Dare You To Move'Switchfoot
34.1%
'In The Meantime'Spacehog
34.1%
'Lullaby'Shawn Mullins
34.1%
'Do You Realize??'The Flaming Lips
34.1%
Famous Song Artist % Correct
'I Stand Alone'Godsmack
34.1%
'The Diary Of Jane'Breaking Benjamin
34.1%
'Good'Better Than Ezra
31.7%
'If You Could Only See'Tonic
31.7%
'Everything You Want'Vertical Horizon
31.7%
'Counting Blue Cars (Tell Me Your Thoughts On God)'Dishwalla
31.7%
'Possum Kingdom'Toadies
31.7%
'Slither'Velvet Revolver
31.7%
'Electric Feel'MGMT
31.7%
'Savior'Rise Against
31.7%
'All For You'Sister Hazel
29.3%
'Cannonball'The Breeders
29.3%
'Far Behind'Candlebox
29.3%
'Fade Into You'Mazzy Star
29.3%
'Sell Out'Reel Big Fish
29.3%
'Brimful Of Asha'Cornershop
29.3%
'All I Want'Toad The Wet Sprocket
26.8%
'Renegades'X Ambassadors
26.8%
'Barely Breathing'Duncan Sheik
26.8%
'Novocaine For The Soul'Eels
26.8%
'Bohemian Like You'The Dandy Warhols
26.8%
'Tomorrow'Silverchair
26.8%
'Cumbersome'Seven Mary Three
26.8%
'Through Glass'Stone Sour
26.8%
'Everything About You'Ugly Kid Joe
24.4%
'Low'Cracker
24.4%
'Teen Age Riot'Sonic Youth
24.4%
'Roll To Me'Del Amitri
22%
'Popular'Nada Surf
22%
'Nearly Lost You'Screaming Trees
22%
'Judith'A Perfect Circle
22%
'Fake It'Seether
22%
'The Red'Chevelle
22%
'Alright'Supergrass
19.5%
'Send Me On My Way'Rusted Root
19.5%
'Feed The Tree'Belly
19.5%
'Shattered (Turn The Car Around)'O.A.R.
19.5%
'Superman's Dead'Our Lady Peace
19.5%
'Unsung'Helmet
19.5%
'Mother Mother'Tracy Bonham
19.5%
'Come With Me Now'KONGOS
17.1%
'Dyslexic Heart'Paul Westerberg
17.1%
'Got You (Where I Want You)'The Flys
17.1%
'Bound For The Floor'Local H
17.1%
'Pets'Porno For Pyros
17.1%
'Click Click Boom'Saliva
17.1%
'Crazy For This Girl'Evan And Jaron
14.6%
'Hey Leonardo (She Likes Me For Me)'Blessed Union Of Souls
14.6%
'Standing Outside A Broken Phone Booth With Money In My Hand' Primitive Radio Gods
14.6%
'Touch, Peel And Stand'Days Of The New
14.6%
'Chloe Dancer/Crown Of Thorns'Mother Love Bone
14.6%
'Plowed'Sponge
14.6%
'Ready To Go'Republica
14.6%
'Such Great Heights'The Postal Service
14.6%
'Closer To Fine'Indigo Girls
12.2%
'Better Days (And The Bottom Drops Out)'Citizen King
12.2%
'High'Feeder
9.8%
'Why I'm Here'Oleander
9.8%
'Naked Eye'Luscious Jackson
9.8%
'Save Yourself'Stabbing Westward
9.8%
'Passenger'Deftones
9.8%
'Little Black Backpack'Stroke 9
7.3%
'Everything Falls Apart'Dog's Eye View
7.3%
'Stars'Hum
7.3%
'Superman'Goldfinger
7.3%
'Dizz Knee Land'Dada
4.9%
'Freak Of The Week'Marvelous 3
2.4%
'Suck Me Dry'Mudhoney
2.4%
'Swallow My Pride'Green River
2.4%
'New Disease'Spineshank
2.4%
'River Of Deceit'Mad Seasons
0%
'Wait'Earshot
0%
'The Way You Like It'Adema
0%

You're not logged in!

Compare scores with friends on all Sporcle quizzes.
OR
Log In

Sporcle TV

Today on Sporcle TV


Watch our educational content, quiz creation guides, and fun videos on Sporcle TV.

Show Comments

Extras

Top Quizzes Today


Score Distribution

Your Account Isn't Verified!

In order to create a playlist on Sporcle, you need to verify the email address you used during registration. Go to your Sporcle Settings to finish the process.

Report this User

Report this user for behavior that violates our Community Guidelines.

Details: